000 00947nam0a22002531 4500
001 rc\2598827
005 20250623130349.0
035 _a(NLR Aleph) 006762936
090 _a5863620
_c5863620
100 _a20110914d1930 |||y0rusy50 ca
101 0 _arus
102 _aRU
105 _aa z |||c|
200 1 _aЗа уголь!
_eОчерки
_fГ. Гудок-Еремеев
210 _aМосква
_aЛенинград
_cГос. изд-во худ. лит-ры
_d1930
_eМосква
_gтип. "Красный пролетарий"
215 _a72 с.
_cил.
_d20х14 см.
225 1 _aНа фронтах пятилетки
700 1 _7ca
_8rus
_aГудок-Еремеев
_bК. А.
_cшахтер, литератор
_f1897-1943
_gКонстантин Афанасьевич
_9208954
_3RU\NLR\AUTH\770209008
801 0 _aRU
_bNLR
_gpsbo
801 1 _aRU
_bELAR
_2rusmarc
852 _aNLR
_j30.9/1236
942 _cBOOK
980 _aNB